| 000 | 00456nam a2200169Ia 4500 | ||
|---|---|---|---|
| 003 | OSt | ||
| 005 | 20260316103333.0 | ||
| 008 | 211028s2015 xx 000 0 und d | ||
| 040 | _cAIMIT LIBRARY | ||
| 041 | _aeng | ||
| 100 |
_aCastelino, Joselil Wilfred; Srinivas, B L. _g121716 _94425 |
||
| 110 |
_aAnnapoorna Shetty _94426 |
||
| 245 | _aQA forum / | ||
| 260 |
_aMangalore _c2015 |
||
| 710 |
_aMetricStream Infotech Pvt. Ltd. _94427 |
||
| 942 |
_2ddc _cPRO |
||
| 999 |
_c217566 _d217566 |
||